LEADER 00919cam0-2200325---450- 001 990004060710403321 005 20110429130351.0 010 $a052130363X 035 $a000406071 035 $aFED01000406071 035 $a(Aleph)000406071FED01 035 $a000406071 100 $a19990604d1987----km-y0itay50------ba 101 0 $aeng 105 $ay-------00-y- 200 1 $aMetrical phonology$ecoursebook$fRichard Hogg and C. B. McCully 210 $aCambridge$cCambridge University Press$d1987 215 $a279 p.$d23 cm 610 0 $aGrammatica generativa 610 0 $aFonologia$aMetrica 676 $a414 700 1$aHogg,$bRichard$0156050 701 1$aMcCully,$bChristopher Bayston$0156051 801 0$aIT$bUNINA$gRICA$2UNIMARC 901 $aBK 912 $a990004060710403321 952 $a414 HOG 1$bD.F.M.1767$fFLFBC 959 $aFLFBC 996 $aMetrical phonology$9469680 997 $aUNINA LEADER 01055nam0 2200313 450 001 000032171 005 20130320104902.0 010 $a88-420-2712-X 100 $a20120328d1986----km-y0itaa50------ba 101 1 $aita 102 $aIT 200 1 $a<>romani a teatro$fWilliam Beare 210 $aRoma ; Bari$cLaterza$d1986 215 $aXXV, 294 p.$d21 cm 225 2 $aBiblioteca Universale Laterza$v169 300 $aTraduzione di Mario De Nonno 410 0$12001$aBiblioteca Universale Laterza$v169 454 1$12001$a<> Roman Stage$923306 700 1$aBeare,$bWilliam$0182769 702 1$aDe Nonno,$bMario 801 0$aIT$bUniversità della Basilicata - B.I.A.$gRICA$2unimarc 912 $a000032171 996 $aThe Roman stage$923306 997 $aUNIBAS BAS $aLETTERE CAT $aSTD077$b01$c20120328$lBAS01$h0813 CAT $aTTM$b30$c20130320$lBAS01$h1049 FMT Z30 -1$lBAS01$LBAS01$mBOOK$1BASA1$APolo Storico-Umanistico$2GEN$BCollezione generale$3FP/51184$651184$5L51184$820120328$f02$FPrestabile Generale